| 000 | 00480am a2200205a 44500 | ||
|---|---|---|---|
| 005 | 20160108124156.0 | ||
| 008 | 150818b xxu||||| |||| 00| 0 spa d | ||
| 041 | _aES | ||
| 082 |
_a621.366 _bB125a |
||
| 100 |
_aBachs, L _929870 |
||
| 100 |
_aCuesta, J _929871 |
||
| 100 |
_aCarles, N _929872 |
||
| 245 | _aAplicaciones industriales del laser | ||
| 260 | _aEspaña | ||
| 260 | _bMarcombo | ||
| 260 | _c1988 | ||
| 300 | _a159 páginas | ||
| 650 |
_aLASER _929873 |
||
| 942 | _cBK | ||
| 999 |
_c591 _d591 |
||